LIBRARY & INFORMATION CENTRE, KCAET, TAVANUR

ONLINE PUBLIC ACCESS CATALOGUE (OPAC)

Runaways / (Record no. 4160)

MARC details
000 -LEADER
fixed length control field 00388cam a2200169ua 4500
041 ## - LANGUAGE CODE
Language code of text/sound track or separate title eng
082 ## - DEWEY DECIMAL CLASSIFICATION NUMBER
Classification number 823.302
Item number KNI/RU
100 ## - MAIN ENTRY--AUTHOR NAME
Personal name Knight, Isobel .
245 ## - TITLE STATEMENT
Title Runaways /
260 ## - PUBLICATION, DISTRIBUTION, ETC. (IMPRINT)
Place of publication London :
Name of publisher Longman ,
Year of publication 1961.
300 ## - PHYSICAL DESCRIPTION
Number of Pages 64 ; .
942 ## - ADDED ENTRY ELEMENTS (KOHA)
Koha item type Books
Holdings
Withdrawn status Lost status Damaged status Home library Current library Date acquired Full call number Accession Number Koha item type
Withdrawn     KAUAET Malayalam University 07/04/2012 823.302 9981 Books
Withdrawn     KAUAET Malayalam University 07/04/2012 823.302 9983 Books
Withdrawn     KAUAET Malayalam University 07/04/2012 823.302 9978 Books
free website counter